Zaragoza artística, monumental é histórica / (Record no. 68569)

MARC details
000 -LEADER
campo de control de longitud fija 00830nam a22002175i 4500
001 - NÚMERO DE CONTROL
campo de control 68569
003 - IDENTIFICADOR DE NÚMERO DE CONTROL
campo de control ES-MaACL
005 - FECHA Y HORA DE LA ÚLTIMA TRANSACCIÓN
campo de control 20230906170316.0
007 - CAMPO FIJO DE DESCRIPCIÓN FÍSICA--INFORMACIÓN GENERAL
campo de control de longitud fija t|
008 - DATOS DE LONGITUD FIJA--INFORMACIÓN GENERAL
campo de control de longitud fija 960808m18901891sp ||||1| spa d
040 ## - FUENTE DE CATALOGACIÓN
Centro catalogador/agencia de origen CAM
Lengua de catalogación spa
Centro/agencia transcriptor CAM
100 1# - ENTRADA PRINCIPAL--NOMBRE DE PERSONA
Nombre de persona Gascón de Gotor, Anselmo.
9 (RLIN) 55860
245 10 - MENCIÓN DEL TÍTULO
Título Zaragoza artística, monumental é histórica /
Mención de responsabilidad, etc. por Anselmo y Pedro Gascón de Gotor ; Ilustrada con una alegoría de Don Marcelino de Unceta... láminas fototípicas y grabados... intercalados en el texto.
260 ## - PUBLICACIÓN, DISTRIBUCIÓN, ETC.
Lugar de publicación, distribución, etc. Zaragoza :
Nombre del editor, distribuidor, etc. [s.n.],
Fecha de publicación, distribución, etc. 1890-91 (
Fabricante C. Ariño)
300 ## - DESCRIPCIÓN FÍSICA
Extensión 2 v. :
Otras características físicas il. ;
Dimensiones 27 cm.
650 #4 - PUNTO DE ACCESO ADICIONAL DE MATERIA--TÉRMINO DE MATERIA
Término de materia o nombre geográfico como elemento de entrada Arte-
Subdivisión geográfica Zaragoza.
9 (RLIN) 157267
700 1# - ENTRADA AGREGADA--NOMBRE PERSONAL
Nombre de persona Gascón de Gotor, Pedro (
Fechas asociadas al nombre 1870-1907)
9 (RLIN) 55861
700 1# - ENTRADA AGREGADA--NOMBRE PERSONAL
Nombre de persona Unceta, Marcelino de.
9 (RLIN) 111995
852 ## - LOCALIZACIÓN
Ubicación ES-MaACL
Número de control de estantería C-1202-03
852 ## - LOCALIZACIÓN
Ubicación ES-MaACL
Número de control de estantería G-10173
condición física .- Vol. II
Holdings
Estatus retirado Estado de pérdida Estado de daño No para préstamo Colección Biblioteca de origen Biblioteca actual Ubicación en estantería Fecha de adquisición Fuente de adquisición Total de préstamos Signatura topográfica completa Código de barras Visto por última vez Precio de reemplazo Tipo de ítem Koha
        Libros del s. XIX Biblioteca del Ateneo de Madrid Biblioteca del Ateneo de Madrid Sala Pecera Planta 3 17/01/2008     G-10173 1071783 23/02/2023 23/02/2023 Libro impreso antiguo
        Libros del s. XIX Biblioteca del Ateneo de Madrid Biblioteca del Ateneo de Madrid Sala Palomar 17/01/2008     C-1202-3 1071782 23/02/2023 23/02/2023 Libro impreso antiguo